|
|
|
|
| LEADER |
00000cas a2200000 a 4500 |
| 001 |
vtls008692859 |
| 003 |
SK-MaSNL |
| 005 |
20260228155859.0 |
| 008 |
060423d19621962xo | 000 00slos |
| 040 |
|
|
|a SVKPO
|b slo
|c SVKPO
|d SNK
|e AACR2
|
| 041 |
0 |
|
|a slo
|
| 044 |
|
|
|a xo
|c SK
|
| 072 |
|
7 |
|a 502
|x Životné prostredie a jeho ochrana
|2 konspekt
|
| 072 |
|
7 |
|a 316.3
|x Globálne spoločnosti. Sociálna štruktúra. Sociálne skupiny
|2 konspekt
|
| 080 |
|
|
|a 502.2
|2 2011
|
| 080 |
|
|
|a 316.3
|2 2011
|
| 080 |
|
|
|a 050
|2 2011
|
| 080 |
|
|
|a 314/316(051)
|2 2011
|
| 245 |
0 |
0 |
|a Magazín Príroda a spoločnosť
|
| 260 |
|
|
|a Bratislava
|b Osveta, n. p.
|c 1962
|f Pravda, vydavateľstvo ÚV KSS
|
| 300 |
|
|
|a 1 zv.
|c 21 cm
|
| 500 |
|
|
|a Zostavil: Štefan Sabo
|
| 650 |
0 |
7 |
|a príroda
|2 SNKPH
|9 3813
|
| 650 |
0 |
7 |
|a spoločnosť
|2 SNKPH
|9 1013
|
| 655 |
|
7 |
|a spoločenské časopisy
|2 SNKPH
|9 70515
|
| 700 |
1 |
|
|a Sabo, Štefan
|4 com
|9 46646
|
| 910 |
|
|
|a svkpo
|
| 910 |
|
|
|a snk
|
| 916 |
|
|
|a 1962
|
| 999 |
|
|
|c 809
|d 809
|
| 952 |
|
|
|0 0
|1 0
|4 0
|7 0
|a SNK
|b SNK
|d 2022-05-27
|f 1
|i snkKSP 1244/62
|l 0
|o snkČSD 278/[1962]
|p 17A0730366
|r 2026-02-21 20:10:11
|w 2026-02-21
|y PREZ
|